[Event "Guillermo Garcia Memorial-B 07th"]
[Site "Santa Clara"]
[Date "1999.05.28"]
[Round "5"]
[White "Hernandez Onna, Roman"]
[Black "Del Rio de Angelis, Salvador Gabriel"]
[Result "1/2-1/2"]
[WhiteElo "2419"]
[BlackElo "2408"]
[PlyCount "31"]
[EventDate "1999.05.??"]
[EventType "tourn"]
[EventRounds "13"]
[EventCountry "CUB"]
[EventCategory "7"]
[SourceTitle "CBM 070 ext"]
[Source "ChessBase"]
[SourceDate "1999.07.10"]
[SourceVersion "1"]
[SourceVersionDate "1999.07.10"]
[SourceQuality "1"]

1. d4 Nf6 2. Nf3 e6 3. c4 c5 4. e3 b6 5. Bd3 Bb7 6. O-O Be7 7. Nbd2 O-O 8. b3
d6 9. Bb2 Nbd7 10. Qe2 Re8 11. Rad1 Qc7 12. Ng5 Nf8 13. f4 cxd4 14. exd4 d5 15.
Ndf3 h6 16. Nh3 1/2-1/2

[Event "Guillermo Garcia Memorial-B 07th"]
[Site "Santa Clara"]
[Date "1999.05.31"]
[Round "7"]
[White "Hernandez Onna, Roman"]
[Black "Alzate, Dario"]
[Result "1/2-1/2"]
[WhiteElo "2419"]
[BlackElo "2417"]
[PlyCount "22"]
[EventDate "1999.05.??"]
[EventType "tourn"]
[EventRounds "13"]
[EventCountry "CUB"]
[EventCategory "7"]
[SourceTitle "CBM 070 ext"]
[Source "ChessBase"]
[SourceDate "1999.07.10"]
[SourceVersion "1"]
[SourceVersionDate "1999.07.10"]
[SourceQuality "1"]

1. d4 b6 2. Nf3 Bb7 3. g3 Nf6 4. Bg2 c5 5. c4 cxd4 6. O-O g6 7. Qxd4 Bg7 8. Nc3
d6 9. Be3 Nbd7 10. Rad1 Rc8 11. b3 Nc5 1/2-1/2

[Event "Guillermo Garcia Memorial-B 07th"]
[Site "Santa Clara"]
[Date "1999.05.03"]
[Round "9"]
[White "Hernandez Onna, Roman"]
[Black "Vilela de Acuna, Jose Luis"]
[Result "1/2-1/2"]
[WhiteElo "2419"]
[BlackElo "2396"]
[PlyCount "81"]
[EventDate "1999.05.??"]
[EventType "tourn"]
[EventRounds "13"]
[EventCountry "CUB"]
[EventCategory "7"]
[SourceTitle "CBM 070 ext"]
[Source "ChessBase"]
[SourceDate "1999.07.10"]
[SourceVersion "1"]
[SourceVersionDate "1999.07.10"]
[SourceQuality "1"]

1. d4 d5 2. Nf3 c6 3. Nbd2 Nf6 4. e3 Bf5 5. Nh4 Bg4 6. f3 Bc8 7. Bd3 e5 8. O-O
Bd6 9. Nf5 Bxf5 10. Bxf5 exd4 11. exd4 O-O 12. Nb3 Qc7 13. g3 Nbd7 14. Qe2 Rfe8
15. Qg2 Re7 16. Qh3 g6 17. Bd3 c5 18. dxc5 Nxc5 19. Bg5 Be5 20. Qh4 Nxb3 21.
axb3 Bxb2 22. Rab1 Bc3 23. f4 Ree8 24. f5 Ne4 25. fxg6 hxg6 26. Bf4 Qe7 27.
Qxe7 Rxe7 28. Rbd1 Bd4+ 29. Kg2 Nc3 30. Rde1 Rae8 31. Rxe7 Rxe7 32. Bd6 Re6 33.
Bb4 Na2 34. Ba3 Bc3 35. Rd1 Re1 36. Rxe1 Bxe1 37. c4 dxc4 38. Bxc4 Bb4 39. Bb2
Bc3 40. b4 Bxb2 41. Bxa2 1/2-1/2

[Event "Guillermo Garcia Memorial-B 07th"]
[Site "Santa Clara"]
[Date "1999.05.04"]
[Round "10"]
[White "Herrera, Irisberto"]
[Black "Hernandez Onna, Roman"]
[Result "1-0"]
[WhiteElo "2450"]
[BlackElo "2419"]
[PlyCount "85"]
[EventDate "1999.05.??"]
[EventType "tourn"]
[EventRounds "13"]
[EventCountry "CUB"]
[EventCategory "7"]
[SourceTitle "CBM 070 ext"]
[Source "ChessBase"]
[SourceDate "1999.07.10"]
[SourceVersion "1"]
[SourceVersionDate "1999.07.10"]
[SourceQuality "1"]

1. e4 e5 2. Nf3 Nc6 3. Bb5 a6 4. Ba4 Nf6 5. O-O Be7 6. Re1 b5 7. Bb3 d6 8. c3
O-O 9. d4 Bg4 10. Be3 exd4 11. cxd4 d5 12. e5 Ne4 13. Nc3 Nxc3 14. bxc3 Qd7 15.
h3 Bh5 16. Bc2 Nd8 17. Qb1 Bg6 18. Nd2 c5 19. f4 cxd4 20. cxd4 Bxc2 21. Qxc2
Rc8 22. Qd3 Bb4 23. Rac1 g6 24. Rf1 Rxc1 25. Rxc1 Bxd2 26. Bxd2 f5 27. Qc3 Ne6
28. Be3 g5 29. g3 gxf4 30. gxf4 Kf7 31. Kh2 Rg8 32. Qc2 Nd8 33. Bf2 Ke8 34. Qd3
Rg6 35. Bh4 Rc6 36. Rg1 Rg6 37. Re1 Qe6 38. Rc1 Nc6 39. Rc5 Rg8 40. Bf2 Rg6 41.
Qc2 Kd7 42. Qb3 Kc7 43. Qxd5 1-0

[Event "Benasque op 19th"]
[Site "Benasque"]
[Date "1999.??.??"]
[Round "3"]
[White "Lopez Gracia, Fernando"]
[Black "Hernandez Onna, Roman"]
[Result "0-1"]
[WhiteElo "2206"]
[BlackElo "2419"]
[PlyCount "86"]
[EventDate "1999.07.??"]
[EventType "swiss"]
[EventRounds "10"]
[EventCountry "ESP"]
[SourceTitle "EXT 2001"]
[Source "ChessBase"]
[SourceDate "2000.11.22"]
[SourceVersion "1"]
[SourceVersionDate "2000.11.22"]
[SourceQuality "1"]

1. e4 c5 2. Nc3 Nc6 3. g3 g6 4. Bg2 Bg7 5. d3 d6 6. f4 Nf6 7. Nf3 Bg4 8. O-O
O-O 9. h3 Bxf3 10. Qxf3 Rc8 11. Be3 b5 12. Ne2 Nb4 13. Rfc1 Nd7 14. Nc3 Nb6 15.
Qe2 Nc6 16. Nd1 b4 17. c4 Nd4 18. Bxd4 Bxd4+ 19. Kh2 Nd7 20. Ne3 Nb8 21. f5 Nd7
22. Rf1 Nf6 23. Nd5 e6 24. Nxf6+ Bxf6 25. fxe6 fxe6 26. h4 Qe7 27. Bh3 Rce8 28.
Rf3 Be5 29. Kg2 Rxf3 30. Kxf3 Qf6+ 31. Kg2 Bxb2 32. Rf1 Qg7 33. Qf3 Be5 34. Qg4
a5 35. Rf3 a4 36. h5 a3 37. d4 Bxd4 38. e5 Bxe5 39. Qe4 gxh5 40. Bxe6+ Kh8 41.
Bf7 Rf8 42. Bxh5 Rxf3 43. Qxf3 Qxg3+ 0-1

[Event "Benasque op 19th"]
[Site "Benasque"]
[Date "1999.??.??"]
[Round "4"]
[White "Hernandez Onna, Roman"]
[Black "Perez Candelario, Manuel"]
[Result "0-1"]
[WhiteElo "2419"]
[BlackElo "2172"]
[PlyCount "74"]
[EventDate "1999.07.??"]
[EventType "swiss"]
[EventRounds "10"]
[EventCountry "ESP"]
[SourceTitle "EXT 2001"]
[Source "ChessBase"]
[SourceDate "2000.11.22"]
[SourceVersion "1"]
[SourceVersionDate "2000.11.22"]
[SourceQuality "1"]

1. d4 e6 2. Nf3 f5 3. g3 Nf6 4. Bg2 Be7 5. O-O O-O 6. Nbd2 Qe8 7. Re1 d5 8. Ne5
Nbd7 9. Ndf3 Qh5 10. Bg5 h6 11. Nxd7 Bxd7 12. Bxf6 Bxf6 13. e3 g5 14. c4 Be8
15. Rc1 c6 16. b4 Qf7 17. Ne5 Bxe5 18. dxe5 a6 19. f4 Qg7 20. a4 h5 21. Qd4 h4
22. fxg5 Qxg5 23. gxh4 Qh6 24. Rf1 Kh8 25. Qf4 Qh7 26. Rf3 dxc4 27. Qxc4 Qh6
28. Rcf1 a5 29. Rg3 axb4 30. Qxb4 c5 31. Qxc5 Rxa4 32. Rf4 Ra1+ 33. Bf1 Bc6 34.
h5 Rg8 35. Qd4 Rxg3+ 36. hxg3 Qg5 37. g4 Qh4 0-1

[Event "Benasque op 19th"]
[Site "Benasque"]
[Date "1999.??.??"]
[Round "5"]
[White "Soriano Maya, Juan Pablo"]
[Black "Hernandez Onna, Roman"]
[Result "0-1"]
[WhiteElo "2190"]
[BlackElo "2419"]
[PlyCount "82"]
[EventDate "1999.07.??"]
[EventType "swiss"]
[EventRounds "10"]
[EventCountry "ESP"]
[SourceTitle "EXT 2001"]
[Source "ChessBase"]
[SourceDate "2000.11.22"]
[SourceVersion "1"]
[SourceVersionDate "2000.11.22"]
[SourceQuality "1"]

1. d4 Nf6 2. Bg5 Ne4 3. Bf4 d5 4. Nd2 Nxd2 5. Qxd2 e6 6. e3 Bd6 7. Bxd6 cxd6 8.
c4 dxc4 9. Bxc4 Nd7 10. Ne2 Nf6 11. O-O O-O 12. Rac1 Bd7 13. Bd3 Bc6 14. b4 a6
15. f3 Qb6 16. e4 Rfc8 17. Kh1 Bb5 18. Rxc8+ Rxc8 19. Rc1 Rxc1+ 20. Qxc1 g6 21.
Bxb5 Qxb5 22. Qd2 d5 23. e5 Nd7 24. Kg1 Nb8 25. Kf2 Nc6 26. a3 Qc4 27. g4 Qb3
28. Qe3 Qd1 29. h4 Qh1 30. Qg5 Qh2+ 31. Ke3 Qh1 32. h5 Kf8 33. Qh6+ Kg8 34. Qg5
Qa1 35. h6 Qxa3+ 36. Kf2 Qxb4 37. Qf6 Qf8 38. g5 Nb8 39. Nf4 Nd7 40. Nxe6 Nxf6
41. Nxf8 Ng4+ 0-1

[Event "Benasque op 19th"]
[Site "Benasque"]
[Date "1999.??.??"]
[Round "6"]
[White "Hernandez Onna, Roman"]
[Black "Nicholson, John"]
[Result "1-0"]
[WhiteElo "2419"]
[BlackElo "2035"]
[PlyCount "61"]
[EventDate "1999.07.??"]
[EventType "swiss"]
[EventRounds "10"]
[EventCountry "ESP"]
[SourceTitle "EXT 2001"]
[Source "ChessBase"]
[SourceDate "2000.11.22"]
[SourceVersion "1"]
[SourceVersionDate "2000.11.22"]
[SourceQuality "1"]

1. d4 Nf6 2. c4 g6 3. Nc3 d5 4. cxd5 Nxd5 5. e4 Nxc3 6. bxc3 Bg7 7. Nf3 c5 8.
Be2 cxd4 9. cxd4 Nc6 10. Be3 Bg4 11. d5 Bxf3 12. Bxf3 Ne5 13. Be2 O-O 14. O-O
f5 15. Rb1 f4 16. Bd4 b6 17. Bxe5 Bxe5 18. Bg4 Rf6 19. Be6+ Kg7 20. Rc1 h5 21.
Qf3 Qh8 22. Rc6 g5 23. Qa3 Qd8 24. Qh3 Qe8 25. Rfc1 g4 26. Qa3 g3 27. Rc8 gxf2+
28. Kxf2 Bd4+ 29. Kf3 Rxc8 30. Rxc8 Bc5 31. Qxc5 1-0

[Event "Benasque op 19th"]
[Site "Benasque"]
[Date "1999.??.??"]
[Round "7"]
[White "Al Modiahki, Mohamad"]
[Black "Hernandez Onna, Roman"]
[Result "1/2-1/2"]
[WhiteElo "2528"]
[BlackElo "2419"]
[PlyCount "49"]
[EventDate "1999.07.??"]
[EventType "swiss"]
[EventRounds "10"]
[EventCountry "ESP"]
[SourceTitle "EXT 2001"]
[Source "ChessBase"]
[SourceDate "2000.11.22"]
[SourceVersion "1"]
[SourceVersionDate "2000.11.22"]
[SourceQuality "1"]

1. e4 c5 2. Nf3 Nc6 3. Nc3 g6 4. d4 cxd4 5. Nxd4 Bg7 6. Nde2 Nf6 7. g3 O-O 8.
Bg2 d6 9. O-O Rb8 10. a4 Bg4 11. h3 Bxe2 12. Nxe2 a6 13. Nf4 Qc7 14. Nd5 Nxd5
15. exd5 Ne5 16. Re1 Rfc8 17. c3 b5 18. Bf1 Qb7 19. axb5 axb5 20. Be3 Nc4 21.
Ra7 Nxe3 22. Rxb7 Nxd1 23. Rxb8 Rxb8 24. Rxd1 b4 25. Rd3 1/2-1/2

[Event "Benasque op 19th"]
[Site "Benasque"]
[Date "1999.??.??"]
[Round "8"]
[White "Hernandez Onna, Roman"]
[Black "Delchev, Aleksander"]
[Result "0-1"]
[WhiteElo "2419"]
[BlackElo "2548"]
[PlyCount "112"]
[EventDate "1999.07.??"]
[EventType "swiss"]
[EventRounds "10"]
[EventCountry "ESP"]
[SourceTitle "EXT 2001"]
[Source "ChessBase"]
[SourceDate "2000.11.22"]
[SourceVersion "1"]
[SourceVersionDate "2000.11.22"]
[SourceQuality "1"]

1. c4 g6 2. Nc3 c5 3. Nf3 Bg7 4. g3 Nc6 5. Bg2 Nf6 6. O-O O-O 7. d3 d5 8. cxd5
Nxd5 9. Nxd5 Qxd5 10. Qa4 Qd7 11. Qh4 Qg4 12. Qxg4 Bxg4 13. Be3 b6 14. Rab1
Rac8 15. h3 Be6 16. a3 Rfd8 17. Rfc1 h6 18. b3 Bd5 19. h4 e6 20. Kf1 Ne7 21.
Bd2 e5 22. Bc3 e4 23. Ne1 exd3 24. Nxd3 Be6 25. Bxg7 Kxg7 26. Bb7 Rc7 27. Ba6
g5 28. hxg5 hxg5 29. Ne5 f6 30. Nf3 Bf5 31. Ra1 Be4 32. b4 Rh8 33. bxc5 bxc5
34. Ng1 Rb8 35. Nf3 Rb2 36. Ne1 Rb6 37. Bc4 Nf5 38. Bd3 Nd6 39. f3 Bd5 40. Ng2
c4 41. Ne3 Be6 42. Kg2 Nb5 43. Bf5 c3 44. Rh1 Bxf5 45. Nxf5+ Kf7 46. g4 Ke6 47.
Rh8 c2 48. a4 Nd6 49. a5 Rb4 50. Nxd6 Kxd6 51. Rc1 Rb1 52. Rhh1 Rb5 53. Rh8
Rxa5 54. Rd8+ Ke7 55. Rd2 Rac5 56. e3 a5 0-1

[Event "Benasque op 19th"]
[Site "Benasque"]
[Date "1999.??.??"]
[Round "9"]
[White "Carstensen, Jacob"]
[Black "Hernandez Onna, Roman"]
[Result "1/2-1/2"]
[WhiteElo "2157"]
[BlackElo "2419"]
[PlyCount "31"]
[EventDate "1999.07.??"]
[EventType "swiss"]
[EventRounds "10"]
[EventCountry "ESP"]
[SourceTitle "EXT 2001"]
[Source "ChessBase"]
[SourceDate "2000.11.22"]
[SourceVersion "1"]
[SourceVersionDate "2000.11.22"]
[SourceQuality "1"]

1. d4 Nf6 2. c4 e6 3. Nc3 Bb4 4. e3 c5 5. Bd3 Nc6 6. Nf3 Bxc3+ 7. bxc3 d6 8. e4
e5 9. O-O Bg4 10. d5 Bxf3 11. Qxf3 Ne7 12. Bg5 Nd7 13. Qg3 f6 14. Bd2 g5 15. h4
h6 16. Be2 1/2-1/2

[Event "Benasque op 19th"]
[Site "Benasque"]
[Date "1999.??.??"]
[Round "10"]
[White "Llopis de Aysa, Manuel"]
[Black "Hernandez Onna, Roman"]
[Result "0-1"]
[WhiteElo "2236"]
[BlackElo "2419"]
[PlyCount "66"]
[EventDate "1999.07.??"]
[EventType "swiss"]
[EventRounds "10"]
[EventCountry "ESP"]
[SourceTitle "EXT 2001"]
[Source "ChessBase"]
[SourceDate "2000.11.22"]
[SourceVersion "1"]
[SourceVersionDate "2000.11.22"]
[SourceQuality "1"]

1. Nf3 Nf6 2. g3 c5 3. Bg2 Nc6 4. O-O g6 5. d3 Bg7 6. e4 d6 7. Nbd2 O-O 8. c3
Rb8 9. Re1 b5 10. d4 b4 11. Nb3 bxc3 12. bxc3 c4 13. Nbd2 d5 14. e5 Ne8 15. Nh4
Qa5 16. Qc2 Bd7 17. a4 Nc7 18. Ba3 Ne6 19. f4 Rfe8 20. Nhf3 Nf8 21. Nh4 Ne6 22.
Nhf3 Rb7 23. Reb1 Nexd4 24. cxd4 Bf5 25. Qa2 Bxb1 26. Rxb1 Rxb1+ 27. Nxb1 Rb8
28. Bc5 e6 29. Qc2 Bf8 30. Bxf8 Nxd4 31. Qd1 Nxf3+ 32. Bxf3 Rxf8 33. Nc3 Qc5+
0-1

[Event "Aceimar op 6th"]
[Site "Mondariz"]
[Date "1999.07.30"]
[Round "4"]
[White "Rodriguez Boado, Martin"]
[Black "Hernandez Onna, Roman"]
[Result "0-1"]
[WhiteElo "2167"]
[BlackElo "2425"]
[PlyCount "76"]
[EventDate "1999.07.27"]
[EventType "swiss"]
[EventRounds "9"]
[EventCountry "ESP"]
[SourceTitle "EXT 2000"]
[Source "ChessBase"]
[SourceDate "1999.11.16"]

1. e4 c5 2. Nf3 Nc6 3. c3 d6 4. d4 Nf6 5. d5 Nb8 6. Bb5+ Bd7 7. Bxd7+ Nbxd7 8.
Qe2 g6 9. O-O Bg7 10. h3 O-O 11. Bf4 a6 12. Nbd2 b5 13. a4 Qb6 14. Ra2 bxa4 15.
Nc4 Qb5 16. Rfa1 Nb6 17. Nfd2 Nfd7 18. b3 axb3 19. Ra5 Nxc4 20. Rxb5 axb5 21.
Rxa8 Rxa8 22. Nxb3 Bxc3 23. Bg5 Ra3 24. Qc2 Bf6 25. Bc1 Ra4 26. f4 Na5 27. Bd2
Nxb3 28. Qxb3 Rxe4 29. Qxb5 Nf8 30. Qb3 h5 31. Kf2 h4 32. Qf3 Ra4 33. Qb3 Rd4
34. Be3 Rb4 35. Qa3 Nd7 36. Bd2 Rb2 37. Ke1 Nb6 38. Qf3 Nc4 0-1

[Event "Aceimar op 6th"]
[Site "Mondariz"]
[Date "1999.08.01"]
[Round "6"]
[White "Bondar, Anatoly T"]
[Black "Hernandez Onna, Roman"]
[Result "0-1"]
[WhiteElo "2250"]
[BlackElo "2425"]
[PlyCount "92"]
[EventDate "1999.07.27"]
[EventType "swiss"]
[EventRounds "9"]
[EventCountry "ESP"]
[SourceTitle "EXT 2000"]
[Source "ChessBase"]
[SourceDate "1999.11.16"]

1. e4 c5 2. Nc3 Nc6 3. f4 g6 4. Nf3 Bg7 5. d3 d6 6. g3 Nf6 7. Bg2 O-O 8. O-O
Bg4 9. h3 Bxf3 10. Bxf3 Rc8 11. g4 Nd4 12. Bg2 e6 13. Ne2 Nd7 14. c3 Nxe2+ 15.
Qxe2 b5 16. Bd2 b4 17. Be1 bxc3 18. bxc3 Rb8 19. Rc1 Qa5 20. f5 Qa6 21. Bh4
Rfe8 22. f6 Bh6 23. g5 Bf8 24. Bg3 Ne5 25. Bxe5 dxe5 26. c4 Qd6 27. Rb1 Qd4+
28. Kh2 Red8 29. Rxb8 Rxb8 30. Rf2 a5 31. a4 Rb4 32. Qc2 Rxa4 33. Qxa4 Qxf2 34.
Qxa5 Qf4+ 35. Kh1 Qc1+ 36. Kh2 Qxg5 37. Qd8 Qe3 38. Kh1 h5 39. Kh2 Qf2 40. Kh1
h4 41. Kh2 g5 42. Qb8 Qg3+ 43. Kh1 g4 44. Qb1 gxh3 45. Bf1 Qf3+ 46. Kg1 Bh6 0-1

[Event "Aceimar op 6th"]
[Site "Mondariz"]
[Date "1999.08.02"]
[Round "7"]
[White "Hernandez Onna, Roman"]
[Black "Franco Alonso, Alejandro"]
[Result "1/2-1/2"]
[WhiteElo "2425"]
[BlackElo "2204"]
[PlyCount "103"]
[EventDate "1999.07.27"]
[EventType "swiss"]
[EventRounds "9"]
[EventCountry "ESP"]
[SourceTitle "EXT 2000"]
[Source "ChessBase"]
[SourceDate "1999.11.16"]

1. c4 g6 2. Nc3 Bg7 3. Nf3 d6 4. g3 Nf6 5. Bg2 O-O 6. O-O Nc6 7. d3 e5 8. Rb1
a5 9. a3 h6 10. b4 axb4 11. axb4 Be6 12. b5 Ne7 13. Bb2 Qd7 14. b6 c5 15. Re1
Ra6 16. Ba1 Nc6 17. Nd2 Nb4 18. Nde4 Ne8 19. Qb3 f5 20. Nd2 Rxb6 21. Na2 Nc7
22. Nxb4 Rxb4 23. Qc3 Na6 24. Qa3 Rb8 25. Bc3 Ra4 26. Qb2 b5 27. cxb5 Ra2 28.
Qc1 Rxb5 29. Rxb5 Qxb5 30. Nc4 d5 31. Nd2 Qa4 32. Qb1 d4 33. Qb6 Bf7 34. Bb2
Qb4 35. Qxb4 cxb4 36. Rb1 Nc5 37. Bc6 b3 38. Kf1 Kf8 39. Ke1 Na4 40. Bxa4 Rxa4
41. Bc1 Ke7 42. Nxb3 Kd6 43. Bd2 Bf8 44. Kd1 Bd5 45. h4 h5 46. Na5 Kd7 47. Rb5
Ra1+ 48. Kc2 Ra2+ 49. Kd1 Ra1+ 50. Kc2 Ke6 51. Rb6+ Kf7 52. Rb5 1/2-1/2

[Event "CUB-ch"]
[Site "Santa Clara"]
[Date "2000.??.??"]
[Round "?"]
[White "Abreu Delgado, Aryam"]
[Black "Hernandez Onna, Roman"]
[Result "1/2-1/2"]
[WhiteElo "2415"]
[BlackElo "2400"]
[PlyCount "97"]
[EventDate "2000.04.01"]
[EventType "tourn"]
[EventRounds "17"]
[EventCountry "CUB"]
[EventCategory "8"]
[SourceTitle "EXT 2001"]
[Source "ChessBase"]
[SourceDate "2000.11.22"]
[SourceVersion "1"]
[SourceVersionDate "2000.11.22"]
[SourceQuality "1"]

1. e4 c5 2. Nf3 Nc6 3. d4 cxd4 4. Nxd4 g6 5. c4 Nf6 6. Nc3 d6 7. Be2 Nxd4 8.
Qxd4 Bg7 9. Be3 O-O 10. Qd2 Be6 11. f3 Qa5 12. Rc1 Rfc8 13. b3 a6 14. Na4 Qxd2+
15. Kxd2 Nd7 16. f4 Rab8 17. Ba7 Ra8 18. Nb6 Nxb6 19. Bxb6 Bb2 20. Rc2 Ba3 21.
Bf3 Bd7 22. Ke3 Bc6 23. Rb1 a5 24. Bd4 Kf8 25. h4 h5 26. f5 gxf5 27. exf5 Bxf3
28. gxf3 b5 29. Rg1 bxc4 30. bxc4 Ke8 31. Rg5 Bc5 32. Rxh5 Bxd4+ 33. Kxd4 Kd7
34. Rh7 Rh8 35. Rxh8 Rxh8 36. Rh2 Rh5 37. Ke4 e6 38. fxe6+ Kxe6 39. a4 Kf6 40.
f4 Rc5 41. h5 Kg7 42. h6+ Kh7 43. Kd4 Rf5 44. Rh4 Rc5 45. Rg4 Rf5 46. Ke4 Rc5
47. Rg7+ Kxh6 48. Rxf7 Kg6 49. Rd7 1/2-1/2

[Event "CUB-ch"]
[Site "Santa Clara"]
[Date "2000.??.??"]
[Round "?"]
[White "Bruzon Batista, Lazaro"]
[Black "Hernandez Onna, Roman"]
[Result "1/2-1/2"]
[WhiteElo "2568"]
[BlackElo "2400"]
[PlyCount "70"]
[EventDate "2000.04.01"]
[EventType "tourn"]
[EventRounds "17"]
[EventCountry "CUB"]
[EventCategory "8"]
[SourceTitle "EXT 2001"]
[Source "ChessBase"]
[SourceDate "2000.11.22"]
[SourceVersion "1"]
[SourceVersionDate "2000.11.22"]
[SourceQuality "1"]

1. e4 e5 2. Nf3 Nc6 3. Bb5 a6 4. Ba4 Nf6 5. O-O Be7 6. Re1 b5 7. Bb3 d6 8. c3
O-O 9. a4 Bg4 10. h3 Bxf3 11. Qxf3 Na5 12. Bc2 c5 13. d3 Nd7 14. Qg4 b4 15. Bh6
Bf6 16. Nd2 Rb8 17. Rab1 Qe7 18. Nb3 Nc6 19. Bd2 Rb7 20. Ra1 Rfb8 21. Reb1 Qe6
22. Kf1 Qxg4 23. hxg4 h6 24. Ke2 Bg5 25. Be1 bxc3 26. bxc3 c4 27. Nd2 Bxd2 28.
Rxb7 Rxb7 29. Bxd2 Nc5 30. dxc4 Rb2 31. Kd1 Na5 32. Be3 Nxc4 33. Bxc5 dxc5 34.
Kc1 a5 35. Bd3 Rb3 1/2-1/2

[Event "CUB-ch"]
[Site "Santa Clara"]
[Date "2000.??.??"]
[Round "?"]
[White "Hernandez Onna, Roman"]
[Black "Arencibia Rodriguez, Walter"]
[Result "1/2-1/2"]
[WhiteElo "2400"]
[BlackElo "2525"]
[PlyCount "24"]
[EventDate "2000.04.01"]
[EventType "tourn"]
[EventRounds "17"]
[EventCountry "CUB"]
[EventCategory "8"]
[SourceTitle "EXT 2001"]
[Source "ChessBase"]
[SourceDate "2000.11.22"]
[SourceVersion "1"]
[SourceVersionDate "2000.11.22"]
[SourceQuality "1"]

1. d4 d5 2. c4 e6 3. Nc3 Nf6 4. Nf3 c6 5. Bg5 dxc4 6. e4 b5 7. e5 h6 8. Bh4 g5
9. Nxg5 hxg5 10. Bxg5 Be7 11. exf6 Bxf6 12. Bxf6 Qxf6 1/2-1/2

[Event "CUB-ch"]
[Site "Santa Clara"]
[Date "2000.??.??"]
[Round "?"]
[White "Hernandez Onna, Roman"]
[Black "De la Paz Perdomo, Frank"]
[Result "1/2-1/2"]
[WhiteElo "2400"]
[BlackElo "2460"]
[PlyCount "23"]
[EventDate "2000.04.01"]
[EventType "tourn"]
[EventRounds "17"]
[EventCountry "CUB"]
[EventCategory "8"]
[SourceTitle "EXT 2001"]
[Source "ChessBase"]
[SourceDate "2000.11.22"]
[SourceVersion "1"]
[SourceVersionDate "2000.11.22"]
[SourceQuality "1"]

1. c4 Nf6 2. Nc3 g6 3. Nf3 Bg7 4. g3 O-O 5. Bg2 d6 6. O-O c5 7. d3 Nc6 8. Bd2
a6 9. Qc1 Rb8 10. Bh6 b5 11. Bxg7 Kxg7 12. b3 1/2-1/2

[Event "CUB-ch"]
[Site "Santa Clara"]
[Date "2000.??.??"]
[Round "?"]
[White "Hernandez Onna, Roman"]
[Black "Dominguez Perez, Leinier"]
[Result "0-1"]
[WhiteElo "2400"]
[BlackElo "2505"]
[PlyCount "61"]
[EventDate "2000.04.01"]
[EventType "tourn"]
[EventRounds "17"]
[EventCountry "CUB"]
[EventCategory "8"]
[SourceTitle "EXT 2001"]
[Source "ChessBase"]
[SourceDate "2000.11.22"]
[SourceVersion "1"]
[SourceVersionDate "2000.11.22"]
[SourceQuality "1"]

1. d4 Nf6 2. Nf3 d5 3. c4 c6 4. e3 Bf5 5. Nc3 e6 6. Bd3 Bxd3 7. Qxd3 Nbd7 8.
O-O Be7 9. e4 dxe4 10. Nxe4 O-O 11. Bd2 Qc7 12. Nxf6+ Bxf6 13. Ng5 g6 14. Ne4
Bg7 15. Rad1 Nf6 16. b3 Nxe4 17. Qxe4 Rad8 18. Be3 Qa5 19. Qc2 Rd7 20. Rd2 Rfd8
21. Rfd1 Bxd4 22. g3 c5 23. Kg2 Qc7 24. Qe4 e5 25. Bh6 f5 26. Qh4 Qc6+ 27. Kg1
Re8 28. Qh3 f4 29. Re2 fxg3 30. Qxg3 Qf6 31. h3 0-1

[Event "CUB-ch"]
[Site "Santa Clara"]
[Date "2000.??.??"]
[Round "?"]
[White "Hernandez Onna, Roman"]
[Black "Gomez Fontal, Felix Manuel"]
[Result "1/2-1/2"]
[WhiteElo "2400"]
[BlackElo "2410"]
[PlyCount "24"]
[EventDate "2000.04.01"]
[EventType "tourn"]
[EventRounds "17"]
[EventCountry "CUB"]
[EventCategory "8"]
[SourceTitle "EXT 2001"]
[Source "ChessBase"]
[SourceDate "2000.11.22"]
[SourceVersion "1"]
[SourceVersionDate "2000.11.22"]
[SourceQuality "1"]

1. d4 Nf6 2. c4 c5 3. e3 e6 4. Nf3 d5 5. Nc3 Be7 6. cxd5 exd5 7. dxc5 Bxc5 8.
Be2 O-O 9. O-O Nc6 10. b3 a6 11. Bb2 Be6 12. Rc1 Ba7 1/2-1/2

[Event "CUB-ch"]
[Site "Santa Clara"]
[Date "2000.??.??"]
[Round "?"]
[White "Hernandez Onna, Roman"]
[Black "Gonzalez Vidal, Yuri"]
[Result "1/2-1/2"]
[WhiteElo "2400"]
[BlackElo "2420"]
[PlyCount "20"]
[EventDate "2000.04.01"]
[EventType "tourn"]
[EventRounds "17"]
[EventCountry "CUB"]
[EventCategory "8"]
[SourceTitle "EXT 2001"]
[Source "ChessBase"]
[SourceDate "2000.11.22"]
[SourceVersion "1"]
[SourceVersionDate "2000.11.22"]
[SourceQuality "1"]

1. d4 Nf6 2. c4 c5 3. d5 e6 4. Nc3 exd5 5. cxd5 d6 6. Nf3 g6 7. g3 Bg7 8. Bg2
O-O 9. O-O Na6 10. Nd2 Nc7 1/2-1/2

[Event "CUB-ch"]
[Site "Santa Clara"]
[Date "2000.??.??"]
[Round "?"]
[White "Hernandez Onna, Roman"]
[Black "Vazquez Igarza, Renier"]
[Result "1/2-1/2"]
[WhiteElo "2400"]
[BlackElo "2425"]
[PlyCount "20"]
[EventDate "2000.04.01"]
[EventType "tourn"]
[EventRounds "17"]
[EventCountry "CUB"]
[EventCategory "8"]
[SourceTitle "EXT 2001"]
[Source "ChessBase"]
[SourceDate "2000.11.22"]
[SourceVersion "1"]
[SourceVersionDate "2000.11.22"]
[SourceQuality "1"]

1. d4 Nf6 2. c4 e6 3. Nf3 d5 4. Nc3 Be7 5. Bg5 O-O 6. e3 Nbd7 7. Rc1 c6 8. a3
dxc4 9. Bxc4 Nd5 10. Bxe7 Qxe7 1/2-1/2

[Event "CUB-ch"]
[Site "Santa Clara"]
[Date "2000.??.??"]
[Round "?"]
[White "Nogueiras Santiago, Jesus"]
[Black "Hernandez Onna, Roman"]
[Result "1/2-1/2"]
[WhiteElo "2563"]
[BlackElo "2402"]
[PlyCount "36"]
[EventDate "2000.04.01"]
[EventType "tourn"]
[EventRounds "17"]
[EventCountry "CUB"]
[EventCategory "8"]
[SourceTitle "EXT 2001"]
[Source "ChessBase"]
[SourceDate "2000.11.22"]
[SourceVersion "1"]
[SourceVersionDate "2000.11.22"]
[SourceQuality "1"]

1. c4 e5 2. g3 Nc6 3. Bg2 g6 4. Nc3 Bg7 5. Rb1 d6 6. b4 Nf6 7. b5 Nd4 8. e3 Ne6
9. Nge2 O-O 10. O-O a6 11. a4 axb5 12. axb5 Re8 13. Nd5 Nxd5 14. cxd5 Nc5 15.
d3 Bf5 16. e4 Bg4 17. f3 Bd7 18. Nc3 c6 1/2-1/2